000 01156cab a22002415a 4500
001 L147590
008 090527s2009 xxk f l 000 0 eng d
035 _a(Sirsi) u147590
041 0 _aeng
100 1 _aLewsley, Christopher
245 0 0 _aUnoccupied rating
_bcase law review
260 _c2009
490 0 _aRating and Valuation Reporter
_v49(3) [2009] RVR, 59-62 (4)
520 _aReviews case law relating to the rating of unoccupied property. Unoccupied property rating was first introduced in 1966 with a number of subsequent legislative changes. General principles have emerged over time focusing on the meaning of owner, on completion notices, on exemptions and on hardship relief. Structures the reviewed case law around these themes.
590 _aKA
650 2 4 _aRATING (EMPTY PROPERTIES) ACT 2007
650 2 4 _aNON DOMESTIC RATING (UNOCCUPIED PROPERTY) (ENGLAND) REGULATIONS 2008
650 2 4 _aLOCAL GOVERNMENT FINANCE ACT 1988 S65(1)
650 2 4 _aHEALTH AND SAFETY AT WORK ETC ACT 1974
651 4 _aEngland and Wales
_y1543-
690 _aPROPERTY-COMMERCIAL PROPERTY-COMMERCIAL PROPERTY TAXATION-BUSINESS RATES
942 _n0
999 _c81577
_d81577